000 01167nam0a2200313 4500
001 RU\NLR\ONL2\8402
005 20250810064432.0
035 _a(NLR Aleph) 009655991
090 _a13288883
_c13288883
100 _a20080123d1941 u y0rusy50 ca
101 0 _aaze
102 _aAZ
105 _ay |||||||||
200 1 _aУчебник азербайджанского языка
_eдля взрослых
_fА. Абдуллаjев, С. Джафаров
210 _aБаку
_cАзернешр
_d1941
215 _a228 с.
_d22
606 0 _aАзербайджанский язык
_9928001
_3RU\NLR\auth\6622636
686 1 _aШ163.11-929
700 1 _aАбдуллаев
_bА. М. С.
_gАга Маммед Самед оглы
_4070
701 1 _aДжафаров
_bС. А.
_gСелим Абдулла
_4070
801 0 _aRU
_bNLR
_c20080123
_gPSBO
852 _aNLR
_bОНЛ
_jАзерб./3-1647
942 _cBOOK
945 _aРоссийская национальная библиотека
_aНациональная библиотека Азербайджана
980 _aBV
980 _aONL_RF
980 _aNB